| 000 | 02730nam0a2200445 4500 | ||
|---|---|---|---|
| 001 | RU\NLR\bibl\350165 | ||
| 005 | 20260405223446.0 | ||
| 010 |
_a5-7038-1497-9 _92000 |
||
| 021 |
_aRU _b2002-47586 _92303 |
||
| 035 | _a(NLR Aleph) 000344910 | ||
| 090 |
_a239667 _c239667 |
||
| 100 | _a20021218d2002 |||y0rusy50 ca | ||
| 101 | 0 | _arus | |
| 102 | _aRU | ||
| 105 | _aa ||||||||| | ||
| 200 | 1 |
_aОптико-электронные системы экологического мониторинга природной среды _eУчеб. пособие для студентов вузов, обучающихся по направлениям подгот. бакалавров, магистров и дипломир. спец. "Оптотехника", "Опт.-электрон. приборы и системы", "Лазер. системы в ракет. технике и космонавтике" _f[В.И. Козинцев, В.М. Орлов, М.Л. Белов и др.] _gПод ред. В. Н. Рождествина |
|
| 210 |
_aМ. _cИзд-во МГТУ _d2002 |
||
| 215 |
_a527 с. _cил. _d25 |
||
| 225 | 1 |
_aСерия "Электроника" _fПод общ. ред. И. Б. Федорова _iПрикладная электроника |
|
| 320 | _aБиблиогр. в конце частей | ||
| 320 | _aПредм. указ.: с. 521-524 | ||
| 606 | 0 |
_aЭкологический мониторинг космический _jРуководства, пособия и т.п. _xПрименение оптоэлектронных приборов _91780073 _3RU\NLR\auth\66800054 |
|
| 606 | 0 |
_aЭкологический мониторинг космический _jУчебные издания для высшей школы _xПрименение оптоэлектронных приборов _91780073 _3RU\NLR\auth\66800054 |
|
| 610 | 0 | _aМониторинг окружающей среды | |
| 610 | 0 | _aКонтрольно-измерительные инструменты и приборы оптоэлектронные | |
| 675 |
_a504.064.36:621.385(075.8) _v3 _zrus |
||
| 686 |
_a87 _2rugasnti |
||
| 686 |
_a20.18я73 _2rubbk |
||
| 686 | _aЕ081в734 | ||
| 686 | _aД820в734 | ||
| 701 | 1 |
_aКозинцев _bВ. И. _gВалентин Иванович _4070 |
|
| 701 | 1 |
_aОрлов _bВ. М. _gВладимир Михайлович _4070 |
|
| 701 | 1 |
_4070 _8rus _7ca _aБелов _bМ. Л. _cд-р техн. наук _gМихаил Леонидович _3RU\NLR\auth\77101648 _984574 |
|
| 702 | 1 |
_aРождествин _bВ. Н. _4340 |
|
| 801 | 0 |
_aRU _bRKP _c20021218 _gPSBO |
|
| 801 | 1 |
_aRU _bRKP _c20021218 |
|
| 801 | 2 |
_aRU _bNLR _c20111227 _grcr |
|
| 942 | _cBOOK | ||
| 980 | _aNB | ||